000 00371 a2200109 4500
001 ART_49887
005 20260410161729.0
008 260409a
245 1 0 _aDerechos fundamentales para los demás animales. Especismo, igualdad y justicia interespecies
100 1 _aPezzetta, Silvina
773 0 _tLecciones y ensayos
_g- Nº 100 (jun. 2018)
_wREV2658
999 _c17676
_d17676